[Event "MTS Logistics 2017"]
[Site "Urla"]
[Date "2017.07.10"]
[Round "6.1"]
[White "Maghalashvili, Davit"]
[Black "Koksal, Ege"]
[Result "1/2-1/2"]
[WhiteElo "2489"]
[BlackElo "2390"]
[Annotator "TA"]
[PlyCount "129"]
[EventDate "2017.??.??"]
[EventType "schev"]
[EventCountry "TUR"]
[SourceTitle "playchess.com"]
[Source "ChessBase"]
[SourceQuality "1"]

{[%evp 24,128,0,0,56,33,12,6,15,22,30,14,21,17,21,14,73,42,32,11,75,28,69,0,0,0,0,0,0,0,0,0,0,0,33,29,31,21,26,24,31,29,20,12,14,16,18,12,60,33,55,0,0,0,20,0,18,12,72,21,72,21,21,21,72,72,74,74,116,72,79,80,84,0,0,0,0,0,0,0,0,0,0,0,0,0,0,0,0,0,0,0,0,0,0,0,0,0,0,0,0,0,0,0,0,0,0]} 1. Nf3 Nf6 2. g3 g6 3. c4 Bg7 4. Bg2 O-O 5. O-O c6 6. d4 d5 7. cxd5 cxd5 8. Ne5 e6 9. Nc3 Nfd7 10. f4 Nxe5 11. fxe5 Nc6 12. e4 {D79: Fianchetto Grünfeld: Symmetrical Variation (6 0-0 c6 7 cxd5 cxd5)} dxe4 13. Be3 {LiveBook: 10 Games} Ne7 $146 (13... f5 $11) ({Predecessor:} 13... f5 14. exf6 Bxf6 15. Rxf6 Qxf6 16. Nxe4 Qd8 17. Rc1 Rf5 18. g4 Rd5 19. Qf3 Bd7 20. Nf6+ Kg7 21. Rf1 Qe7 22. Bh6+ Kxh6 23. Qh3+ Rh5 24. gxh5 g5 25. Qe3 {1-0 (25) Kuzubov,Y (2615)-Balla,T (2369) Plovdiv 2012}) 14. Nxe4 {White is slightly better.} Bd7 15. Qd2 Bc6 16. Nf6+ Bxf6 $1 17. exf6 ({Don't play} 17. Rxf6 Bxg2 18. Kxg2 Qd5+ 19. Kg1 Nf5 $15) 17... Nf5 18. Bxc6 bxc6 19. g4 Nd6 (19... Nxe3 $11 {remains equal.} 20. Qxe3 Kh8) 20. Bh6 Re8 $1 21. Rae1 Nb5 (21... Qd7 $11 {keeps the balance.}) 22. Rd1 Qd5 23. Bg7 (23. Qe3 $14 Red8 24. Bf4) 23... Qe4 $11 24. Rf4 Qd5 25. Rf2 Qe4 26. Rf4 Qd5 27. Rff1 {Strongly threatening Qh6.} Qe4 28. h3 Red8 {[%cal Rb5d4]} 29. Qh6 $1 g5 $1 ({Don't blunder} 29... Nxd4 $2 30. Bf8 $1 $18 {[%mdl 512]}) 30. Qxg5 {Rf5 would kill now.} Nxd4 31. Bh6+ Qg6 {aiming for ...Nf3+!} 32. Qxg6+ hxg6 33. Be3 e5 34. Kf2 Rd6 35. g5 Rad8 36. Rfe1 Rd5 37. Bxd4 ({White should try} 37. b3 $14) 37... exd4 $14 {[%mdl 4096] Endgame KRR-KRR} 38. h4 Ra5 39. a3 Rb5 40. Rd2 c5 (40... Rf5+ $11 41. Kg3 a5) 41. Re5 (41. Re7 $16) 41... a6 $1 $11 {[#]} 42. a4 (42. Ke1 $1 $16) 42... Rb4 43. Rxc5 Rxa4 (43... d3 $11) 44. b3 Rb4 45. Rd3 Rdb8 46. Rc6 (46. Ke2 {seems wilder.} Rxb3 47. Rxb3 Rxb3 48. Rc8+ Kh7 49. Rf8) 46... Rxb3 47. Rxb3 Rxb3 48. Rxa6 $16 {KR-KR} (48. Rc8+ $16 Kh7 49. Rd8) 48... d3 $11 {The position is equal.} 49. Ra8+ Kh7 50. Ra7 Kg8 $1 51. Ke3 d2+ 52. Kxd2 {Ra8+ is the strong threat.} Rb4 $1 53. Ke3 {Threatens to win with Ra8+.} (53. Ra8+ {is interesting.} Kh7 54. Rf8 Rb2+ 55. Ke3 Rb3+ 56. Kf4) 53... Rxh4 54. Kf3 Rb4 55. Ra5 Rc4 56. Rd5 Ra4 57. Re5 Kf8 58. Ke3 (58. Re1 {keeps more tension.} Ra3+ 59. Ke4 Ra5 60. Rh1 Kg8 61. Rg1) 58... Rg4 59. Kd3 Kg8 60. Ra5 Kh7 61. Ke3 Kg8 62. Kf3 Rb4 63. Ra8+ Kh7 64. Rf8 Rf4+ 65. Kxf4 $2 {[%mdl 8192] Precision: White = 60%, Black = 62%.} (65. Ke2 Re4+ 66. Kd1 Rd4+ 67. Ke1) 1/2-1/2

[Event "MTS Logistics 2017"]
[Site "Urla"]
[Date "2017.07.10"]
[Round "6.2"]
[White "Firat, Burak"]
[Black "Ozen, Deniz"]
[Result "1/2-1/2"]
[WhiteElo "2480"]
[BlackElo "2351"]
[Annotator "TA"]
[PlyCount "125"]
[EventDate "2017.??.??"]
[EventType "schev"]
[EventCountry "TUR"]
[SourceTitle "playchess.com"]
[Source "ChessBase"]
[SourceQuality "1"]

{[%evp 21,125,15,17,10,13,12,43,32,27,35,31,30,29,31,22,32,129,129,132,103,103,103,102,99,103,86,185,171,171,132,189,190,189,170,171,165,212,202,238,235,230,213,206,204,212,200,194,186,183,190,184,200,168,100,157,134,146,143,135,130,186,187,190,190,190,190,190,190,190,169,190,189,183,146,372,110,109,109,109,102,102,102,102,102,102,102,102,102,102,102,102,102,102,102,102,102,102,0,0,0,0,0,0,0,0,0]} 1. d4 d5 2. c4 c6 3. Nf3 Nf6 4. Nc3 e6 5. e3 Nbd7 6. Qc2 Bd6 7. Be2 O-O 8. O-O dxc4 9. Bxc4 b5 10. Be2 Bb7 11. e4 e5 12. dxe5 {D46: Semi-Slav: 5 e3 Nbd7 6 Bd3, Black avoids the Meran} Nxe5 13. Nh4 b4 (13... Bc8 14. h3 Ng6 15. Nf5 Bxf5 16. exf5 Nf4 17. Bf3 Rc8 18. Rd1 Qe7 19. Be3 Rfd8 {1-0 (56) Aronian,L (2793)-Giri,A (2771) Leuven 2017}) 14. Nf5 {White is slightly better.} bxc3 15. Rd1 Ne8 16. Qxc3 Qf6 17. f4 Bc7 18. fxe5 Bxe5 (18... Qxe5 $14 19. Qxe5 Bxe5) 19. Qb4 $36 {[%mdl 2048] Strongly threatening Ne7+. White has strong initiative.} Rb8 20. Rf1 $146 c5 21. Qxc5 Qb6 22. Be3 Qxc5 23. Bxc5 Bxb2 (23... Bxe4 $16 {was necessary.} 24. Rae1 Rxb2) 24. Rad1 $18 (24. Bxa7 Ra8 $11) 24... Bxe4 25. Ne7+ ({Don't do} 25. Bxf8 $6 Kxf8 26. Nd4 Nf6 $16) 25... Kh8 {[#]} 26. Nc6 $1 {[%cal Rc6b8][%mdl 512]} Bxc6 27. Bxf8 Nf6 28. Bc5 a5 29. Bd4 {And now Bxb2 would win.} Bxd4+ 30. Rxd4 h6 31. Rfd1 Rb2 32. R4d2 Rb4 33. Rd8+ Kh7 34. R8d4 Rb2 35. R4d2 Rb4 36. h3 Ne4 37. Bd3 (37. Rd4 $18) 37... g6 ({Better is} 37... f5) 38. Bxe4 Bxe4 $16 {[%mdl 4096] Endgame KRR-KRB} 39. Rd7 Kg7 40. R1d4 Bf5 (40... Kf6 $16 {keeps fighting.} 41. Rxb4 axb4) 41. R7d5 $18 Be6 {[#]} 42. a3 $1 {[%cal Ra3b4]} Rb1+ 43. Rd1 Rxd1+ 44. Rxd1 {KR-KB} a4 45. Rd6 h5 46. Kf2 g5 47. Ke3 h4 $2 {[#]} (47... Bb3 $16 {was called for.} 48. g3 f6) 48. Kf3 $2 (48. Ke4 $1 $18 {and the rest is easy.}) 48... Bb3 $16 49. Ke4 f6 50. Ra6 Kg6 51. Rc6 Bd1 52. Kd3 Kf5 53. Ke3 Bb3 54. Rc5+ Kg6 55. Ke4 Bd1 56. Kd3 Bb3 57. Rb5 {aiming for Rxb3!} Be6 58. Kd4 Bb3 59. Rxb3 (59. Ke4 $16) 59... axb3 $11 {The position is equal.} 60. Kc3 f5 $1 {White must now prevent ...g4.} 61. a4 $1 {[%cal Ra4a5]} g4 {Hoping for ...gxh3.} 62. a5 {Threatens to win with a6.} ({Don't blunder} 62. Kxb3 $2 f4 $19) 62... gxh3 63. gxh3 {Precision: White = 74%, Black = 50%.} 1/2-1/2

[Event "MTS Logistics 2017"]
[Site "Urla"]
[Date "2017.07.10"]
[Round "6.3"]
[White "Yilmazyerli, Mert"]
[Black "Dedebas, Emre Emin"]
[Result "1-0"]
[WhiteElo "2459"]
[BlackElo "2322"]
[Annotator "TA"]
[PlyCount "101"]
[EventDate "2017.??.??"]
[EventType "schev"]
[EventCountry "TUR"]
[SourceTitle "playchess.com"]
[Source "ChessBase"]
[SourceQuality "1"]

{[%evp 9,101,2,48,39,35,43,39,11,29,25,19,26,59,25,54,60,75,72,44,35,30,24,23,23,27,35,28,18,70,58,65,67,113,110,154,150,150,154,155,155,154,166,172,159,160,160,184,174,206,191,208,197,211,212,218,225,243,242,221,181,181,173,166,175,177,177,177,178,186,176,293,295,293,257,294,291,306,297,304,297,305,276,335,328,328,327,360,352,346,343,508,497,559,538]} 1. Nf3 d5 2. g3 c6 3. Bg2 Nf6 4. c4 dxc4 5. O-O Bf5 6. Na3 {A11: English Opening: 1...c6} e5 {[%cal Be7e5,Be5e4][%mdl 32]} 7. Nxc4 e4 $1 {[%cal Re4f3]} 8. Ne1 {White is slightly better.} Nbd7 $146 ({Predecessor:} 8... Na6 9. Ne3 Be6 10. d3 exd3 11. Nxd3 Nc5 12. Nf4 Qxd1 13. Rxd1 Bd7 {1-0 (64) Galliamova,A (2492)-Ruan,L (2479) Rostov on Don 2011}) 9. d3 (9. Ne3 $5 {[%cal Re3f5]} Bg6 10. b3 $11) 9... Nb6 {[#] ...Nxc4 is the strong threat.} 10. Na5 Nbd5 11. Bd2 Qb6 12. Nc4 Qc7 13. dxe4 Nxe4 14. Bxe4 Bxe4 15. f3 Bg6 16. e4 $36 {[%mdl 2048] Black is under pressure.} Bc5+ 17. Kh1 Nb6 18. Bf4 Qd8 (18... Qe7 $11 19. Nd6+ Bxd6 20. Bxd6 Qe6) 19. Na5 $14 Qe7 20. Nd3 Rd8 {[#]} 21. Nxb7 $1 {[%mdl 512]} Qxb7 22. Nxc5 Qe7 23. Qc2 O-O 24. Rad1 f6 25. b3 Bf7 26. Nd3 {[%cal Bc5d3,Bd3f2,Bf2h3][%mdl 32]} Rc8 27. Qc5 Qe6 28. Nf2 Rfd8 29. Kg2 h5 30. h4 Kh7 31. Rfe1 Bg6 32. Be3 Ra8 33. Nh3 Nd7 34. Qa5 Qe5 35. Qxe5 Nxe5 36. Nf2 a5 37. Rxd8 Rxd8 38. Rd1 Ra8 39. Bf4 a4 (39... Nf7 $142 40. Rd4 Nd8) 40. Bxe5 $18 fxe5 {[%mdl 4096] Endgame KRB-KRN} 41. Rc1 axb3 42. axb3 Ra3 43. Rxc6 Rxb3 44. Rc5 Bf7 45. Rxe5 g6 46. Re7 Kg7 47. Nh3 {Black must now prevent Ng5.} Kf6 48. Rc7 Rb2+ 49. Kg1 Rb1+ (49... Be8 {is a better defense.} 50. Nf4 Rb8) 50. Kf2 Rb2+ 51. Ke3 {Precision: White = 84%, Black = 40%.} 1-0

[Event "MTS Logistics 2017"]
[Site "Urla"]
[Date "2017.07.10"]
[Round "6.4"]
[White "Drasko, Milan"]
[Black "Gokerkan, Cem Kaan"]
[Result "1/2-1/2"]
[WhiteElo "2451"]
[BlackElo "2321"]
[Annotator "TA"]
[PlyCount "35"]
[EventDate "2017.??.??"]
[EventType "schev"]
[EventCountry "TUR"]
[SourceTitle "playchess.com"]
[Source "ChessBase"]
[SourceQuality "1"]

{[%evp 17,19,17,46,43]} 1. Nf3 Nf6 2. g3 g6 3. Bg2 Bg7 4. O-O O-O 5. d4 {[%cal Bd2d4,Bd4d5][%mdl 32]} d6 6. c4 a6 7. Nc3 Nc6 8. Bd2 Rb8 9. Rc1 Bg4 {LiveBook: 6 Games. E63: King's Indian: Fianchetto: Panno Variation with 7...a6} 10. d5 {Predecessor:} Na5 $146 11. Nb1 c5 12. Qe1 b6 13. e4 Nd7 14. Bc3 Bxf3 15. Bxf3 Bxc3 16. Qxc3 b5 17. b3 bxc4 18. bxc4 {½-½ (58) Matlakov,M (2668)-Wang,H (2739) St Petersburg 2012} 1/2-1/2

[Event "MTS Logistics 2017"]
[Site "Urla"]
[Date "2017.07.10"]
[Round "6.5"]
[White "Bagaturov, Giorgi"]
[Black "Ozen, Bahadir"]
[Result "1/2-1/2"]
[WhiteElo "2412"]
[BlackElo "2315"]
[Annotator "TA"]
[PlyCount "24"]
[EventDate "2017.??.??"]
[EventType "schev"]
[EventCountry "TUR"]
[SourceTitle "playchess.com"]
[Source "ChessBase"]
[SourceQuality "1"]

{[%evp 13,24,36,45,22,61,22,37,0,2,0,0,0,6]} 1. Nf3 d6 2. d4 g6 3. g3 Bg7 4. c4 Nd7 5. Bg2 e5 6. O-O Nh6 7. Nc3 O-O {LiveBook: 53 Games. A41: 1 d4 d6: Tartakower System and Modern Defence} 8. b3 (8. e4 c6 9. h3 f5 10. Bg5 Qe8 11. Qd2 Nf7 12. Be3 fxe4 13. Nxe4 d5 14. cxd5 cxd5 15. Nc3 e4 16. Ne5 Nb6 17. f4 {½-½ (38) Drasko,M (2446)-Kadric,D (2535) Sarajevo 2017}) 8... f6 9. Bb2 Nf7 10. Qc2 f5 $146 {The position is equal.} ({Predecessor:} 10... Re8 11. Rad1 {1-0 (38) Ruck,R (2420)-Sandor,J (2290) Hungary 1994}) 11. dxe5 dxe5 12. Rad1 c6 1/2-1/2

[Event "MTS Logistics 2017"]
[Site "Urla"]
[Date "2017.07.10"]
[Round "6.6"]
[White "Arat, Ufuk Sezen"]
[Black "Esen, Baris"]
[Result "1/2-1/2"]
[WhiteElo "2400"]
[BlackElo "2528"]
[Annotator "TA"]
[PlyCount "33"]
[EventDate "2017.??.??"]
[EventType "schev"]
[EventCountry "TUR"]
[SourceTitle "playchess.com"]
[Source "ChessBase"]
[SourceQuality "1"]

{[%evp 10,14,16,-2,5,2,4]} 1. d4 Nf6 2. Nf3 e6 3. c4 Bb4+ 4. Bd2 a5 5. Nc3 b6 6. g3 Bb7 {E11: Bogo-Indian} 7. Bg2 O-O {Predecessor:} 8. O-O $146 d6 9. d5 exd5 10. Nxd5 Bxd2 11. Qxd2 Nbd7 12. Nd4 Nc5 13. b3 Re8 14. Nc6 Qd7 15. Nxf6+ gxf6 16. Nd4 Bxg2 17. Kxg2 {1-0 (42) Romanov,E (2635)-Iordachescu,V (2581) Kishinev 2016} 1/2-1/2

[Event "MTS Logistics 2017"]
[Site "Urla"]
[Date "2017.07.10"]
[Round "6.7"]
[White "Guseynov, Alihan"]
[Black "Nevednichy, Vladislav"]
[Result "1/2-1/2"]
[WhiteElo "2352"]
[BlackElo "2524"]
[Annotator "TA"]
[PlyCount "41"]
[EventDate "2017.??.??"]
[EventType "schev"]
[EventCountry "TUR"]
[SourceTitle "playchess.com"]
[Source "ChessBase"]
[SourceQuality "1"]

{[%evp 17,41,-12,16,22,18,12,19,14,11,15,16,12,8,23,22,15,20,20,22,3,9,0,12,0,9,0]} 1. d4 Nf6 2. c4 e6 3. Nc3 d5 4. Nf3 {[%cal Bg1f3,Bf3d2,Bd2b3][%mdl 32]} Nbd7 5. Bg5 c6 6. e3 Qa5 7. Nd2 Bb4 8. Qc2 O-O 9. Nb3 Qa4 {[#] LiveBook: 6 Games. Threatens to win with ...dxc4.} (9... Bxc3+ {looks sharper.} 10. Qxc3 Qxc3+ 11. bxc3 Ne4 12. Be7 Re8) 10. Bxf6 {D52: Queen's Gambit Declined: Cambridge Springs Variation} (10. cxd5 cxd5 11. Bd3 b6 12. O-O Bxc3 13. Qxc3 Ba6 14. Bxa6 Qxa6 15. Bxf6 Nxf6 16. Nc1 Rfc8 17. Qd3 Qa4 {0-1 (55) Paulsen,D (2330)-Stern,R (2502) Berlin 2014}) 10... Nxf6 11. Bd3 dxc4 12. Bxc4 Bxc3+ $146 ({Predecessor:} 12... b6 13. O-O Bxc3 14. Qxc3 Bb7 15. Rac1 Rac8 16. Nd2 c5 17. Qd3 Qc6 18. Nf3 cxd4 19. Qxd4 Rfd8 20. Qh4 b5 21. Be2 Qxc1 22. Rxc1 Rxc1+ {0-1 (22) Dopheide,J-Kluge,D Neumuenster 1998}) 13. Qxc3 {[#] Nc5 is the strong threat.} Ne4 14. Qc2 Qb4+ 15. Ke2 Nf6 16. Bd3 {The position is equal.} Qe7 17. Qc5 Qc7 18. Qe5 Qe7 19. Qc5 Qc7 20. Qe5 Qe7 21. Qc5 1/2-1/2

[Event "MTS Logistics 2017"]
[Site "Urla"]
[Date "2017.07.10"]
[Round "6.8"]
[White "Agdelen, Huseyin Can"]
[Black "Benidze, Davit"]
[Result "0-1"]
[WhiteElo "2309"]
[BlackElo "2515"]
[Annotator "TA"]
[PlyCount "70"]
[EventDate "2017.??.??"]
[EventType "schev"]
[EventCountry "TUR"]
[SourceTitle "playchess.com"]
[Source "ChessBase"]
[SourceQuality "1"]

{[%evp 19,70,21,15,0,11,4,7,0,0,0,0,0,29,0,22,31,23,20,19,33,57,0,0,0,0,-5,-8,-2,23,0,0,0,12,-35,-39,-33,0,-15,-14,-19,0,-35,-23,-46,-30,-72,-58,-557,-550,-549,-543,-740,-730]} 1. e4 g6 2. d4 Bg7 3. Nc3 c6 4. Nf3 d5 5. h3 Nh6 6. Bd3 f6 7. O-O O-O 8. exd5 {B15: Caro-Kann: 3 Nc3: 3...g6 and 3...dxe4 4 Nxe4 Nf6 5 Nxf6+ exf6} cxd5 9. Ne2 Nc6 10. c4 Nb4 {LiveBook: 5 Games} 11. Nf4 Nxd3 12. Qxd3 Bf5 13. Qe2 dxc4 14. Qxc4+ Nf7 15. Re1 $146 ({Predecessor:} 15. d5 Qd6 16. Nd4 {½-½ (42) Polzin,R (2500)-Appel,R (2541) Germany 2009}) 15... Qd7 16. Ne6 Rfc8 (16... Bxe6 $5 17. Qxe6 Rad8 $14) 17. Qb3 $1 Bxe6 18. Rxe6 b5 19. Bd2 {[%cal Bc1d2,Bd2c3,Bc3b2][%mdl 32]} Rc4 20. Re2 (20. Rae1 $14) 20... a5 $11 21. Rae1 Bf8 22. a3 Qd5 23. Bc3 Rc5 24. Qd1 (24. Nd2 $5 {[%cal Rd4c5]} a4 25. Qxd5 Rxd5 26. Ne4 $14) 24... Rc6 25. Nh2 Rb6 26. b3 Rc6 $36 {[%mdl 2048] White is under pressure.} 27. Re3 Qd6 28. Bb2 Rac8 29. Nf1 Nh6 30. g4 Nf7 31. Qd3 Qd5 (31... Bh6 $5 {[%cal Rh6e3]} 32. R3e2 Bf4 $11) 32. h4 Rc2 33. R3e2 $2 {[%mdl 8192] [#]} ({White should try} 33. R1e2 $1 $15 Rxe2 34. Qxe2) 33... Ne5 $1 $19 {[%mdl 512] Black is clearly winning.} 34. Rxe5 (34. dxe5 Qxd3) 34... fxe5 35. Rxe5 Qd7 {Precision: White = 43%, Black = 63%.} 0-1

[Event "MTS Logistics 2017"]
[Site "Urla"]
[Date "2017.07.10"]
[Round "6.9"]
[White "Tuncer, Tuna"]
[Black "Evdokimov, Alexander A"]
[Result "0-1"]
[WhiteElo "2274"]
[BlackElo "2493"]
[Annotator "TA"]
[PlyCount "86"]
[EventDate "2017.??.??"]
[EventType "schev"]
[EventCountry "TUR"]
[SourceTitle "playchess.com"]
[Source "ChessBase"]
[SourceQuality "1"]

{[%evp 18,86,41,43,47,47,38,40,52,51,59,15,7,0,6,-5,20,20,17,18,28,6,2,7,8,0,0,-1,0,-41,0,0,9,-41,-35,-39,-39,-40,-39,-54,-41,-50,-47,-54,-55,-89,-89,-274,-248,-248,-236,-310,-304,-410,-312,-379,-329,-417,-409,-685,-675,-875,-862,-900,-875,-881,-853,-1407,-1446,-1581,-1573]} 1. e4 c6 2. d4 d5 3. Nc3 dxe4 4. Nxe4 Bf5 5. Ng3 Bg6 6. Nh3 e6 7. Nf4 Bd6 8. Nxg6 hxg6 9. Ne4 {B18: Classical Caro-Kann: 4...Bf5 sidelines} Be7 (9... Nf6 10. Ng5 Nbd7 11. g3 Qa5+ 12. c3 Qd5 13. Qf3 Rh5 14. Qxd5 cxd5 15. Be2 Rh8 16. a4 Rc8 {0-1 (82) Varga,Z (2455)-Berkes,F (2685) Hungary 2012}) 10. g3 {LiveBook: 14 Games} Nd7 11. Bg2 {White is slightly better.} Ngf6 12. Ng5 Qb6 13. O-O O-O 14. c4 $146 ({Predecessor:} 14. c3 c5 15. dxc5 Bxc5 16. Qe2 Rad8 {0-1 (43) Miladinovic,L (2026)-Uzelac,I (1643) Divcibare 2009}) 14... Rad8 15. b3 e5 16. d5 Bc5 (16... cxd5 {looks sharper.} 17. cxd5 Nc5 18. Be3 Qb5 19. Rc1 Nd3) 17. Bb2 Bd4 18. Bxd4 exd4 19. Nf3 c5 20. Re1 Rfe8 21. Qd3 Qd6 22. b4 b6 23. Kf1 Rxe1+ 24. Rxe1 Re8 25. Bh3 Ne5 26. Nxe5 Rxe5 27. Rxe5 Qxe5 28. Qe2 Qxe2+ 29. Kxe2 $15 {[%mdl 4096] Endgame KB-KN} Ne4 30. b5 Kf8 31. Bd7 Ke7 32. Bc6 $2 {[#]} (32. Bg4 $17 {might work better.}) 32... Nc3+ $19 33. Kd2 Nxa2 34. f3 g5 35. h3 Nb4 36. Bb7 Kd7 37. Ba6 Kc7 38. Ke2 (38. h4 $142 gxh4 39. gxh4) 38... Nc2 {Black is clearly winning.} 39. Kd2 Ne3 40. Kd3 Nf5 41. f4 gxf4 42. gxf4 Nd6 43. h4 g6 {Precision: White = 32%, Black = 76%.} 0-1

[Event "MTS Logistics 2017"]
[Site "Urla"]
[Date "2017.07.10"]
[Round "6.10"]
[White "Kesgin, Halit Kaan"]
[Black "Bulmaga, Irina"]
[Result "0-1"]
[WhiteElo "2207"]
[BlackElo "2412"]
[Annotator "TA"]
[PlyCount "72"]
[EventDate "2017.??.??"]
[EventType "schev"]
[EventCountry "TUR"]
[SourceTitle "playchess.com"]
[Source "ChessBase"]
[SourceQuality "1"]

{[%evp 17,72,23,20,12,31,6,24,0,11,0,0,-85,-82,-95,-119,-114,-89,-89,-58,-27,0,-16,22,32,50,49,68,18,51,0,29,34,93,74,103,103,85,85,106,0,0,-275,-274,-273,-261,-2127,-2151,-1973,-1885,-1597,-1389,-29984,-29985,-29985,-29986,-29980,-5514]} 1. e4 c5 2. Nf3 Nc6 3. Bb5 g6 4. Bxc6 bxc6 5. O-O Bg7 6. Re1 Nh6 7. c3 O-O 8. d4 cxd4 9. cxd4 d5 10. e5 {B31: Sicilian: 2...Nc6 3 Bb5 g6} f6 11. h3 (11. exf6 exf6 12. Nbd2 Re8 13. Nb3 Nf7 14. Nc5 Bg4 15. Rxe8+ Qxe8 16. h3 Bxf3 17. Qxf3 Qe1+ {0-1 (51) Inarkiev,E (2730)-Gelfand,B (2734) Magas 2016}) 11... fxe5 12. Nxe5 {White has an edge.} Qb6 13. b3 (13. Bxh6 $5 Bxh6 14. Qc2 $11) 13... Nf7 14. Nf3 {[#]} (14. Bf4 $11 {remains equal.}) 14... e5 $1 $17 {[%cal Be7e5,Be5e4][%mdl 544] [#] aiming for ...e4.} 15. Nc3 $146 {[%cal Rd4e5]} (15. dxe5 Nxe5) ({Predecessor:} 15. Ba3 e4 16. Bc5 Qd8 17. Nh2 Qg5 {0-1 (63) Sivuk,V (2519)-Frolyanov,D (2578) Loo 2014}) 15... e4 $1 {[%cal Re4f3]} ({Reject} 15... exd4 $6 16. Na4 $11) 16. Na4 Qd8 17. Nh2 Qh4 18. Be3 h5 19. Rc1 {[#]} Bxh3 $1 {[%mdl 512]} 20. Rxc6 (20. gxh3 Ng5) 20... Bf5 21. Qd2 Kh7 22. Rc5 Be6 23. Rc7 (23. Rec1 $14) 23... Qf6 24. Rec1 Rfc8 {[#]} ({Better is} 24... Qd8 $14) 25. Rxc8 $1 $16 Rxc8 26. Rxc8 Bxc8 27. Qa5 Nd6 28. Qxa7 (28. Qxd5 $16 {And now Nc5 would win.} Bb7 29. Qc5) 28... Nf5 $1 $11 {[%cal Rf5d4]} 29. Nc3 $2 {[%mdl 8192]} (29. Qb8 $11 Qc6 30. Qa7) 29... Nxe3 $19 30. fxe3 {[#]} Qg5 $1 {[%cal Rg5e3]} 31. Nf1 $2 (31. Nxd5 Qxd5 32. Qc5 Qxc5 33. dxc5) 31... Bh3 $1 {[%csl Gh3][%cal Rg5g2]} 32. g3 Bxf1 $1 33. Kxf1 Qxe3 34. Ne2 Qf3+ {Black mates.} 35. Ke1 e3 36. Qa6 Qh1+ {Precision: White = 49%, Black = 45%.} (36... h4 $142 37. Kd1 h3 38. b4 h2 39. g4 Bxd4 40. Kc2 h1=Q 41. Qd3 Qh2 42. Kb3 Qfxe2 43. Qxe2 Qxe2 44. Ka4 Qa6+ 45. Kb3 e2 46. b5 Qxb5+ 47. Kc2 e1=Q 48. g5 Qc4#) 0-1

[Event "MTS Logistics 2017"]
[Site "Urla"]
[Date "2017.07.11"]
[Round "7.1"]
[White "Ozen, Deniz"]
[Black "Yilmazyerli, Mert"]
[Result "0-1"]
[WhiteElo "2351"]
[BlackElo "2459"]
[Annotator "TA"]
[PlyCount "58"]
[EventDate "2017.??.??"]
[EventType "schev"]
[EventCountry "TUR"]
[SourceTitle "playchess.com"]
[Source "ChessBase"]
[SourceQuality "1"]

{[%evp 13,58,32,33,28,38,0,0,0,16,0,15,10,10,-83,-85,-96,-104,-99,-99,-99,-99,-99,-100,-95,-95,-103,-95,-95,-93,-108,-88,-114,-104,-160,-145,-186,-188,-189,-184,-237,-229,-553,-552,-563,-554,-677,-665]} 1. e4 g6 2. d4 Bg7 3. Nc3 d6 4. Nf3 Nf6 5. Be2 O-O 6. O-O a6 7. a4 b6 8. e5 {B08: Pirc Defence: Classical System} (8. Re1 Bb7 9. e5 dxe5 10. Nxe5 e6 11. Bf3 Nd5 12. Ne4 Nc6 13. Nxc6 Bxc6 14. Bg5 f6 15. Bd2 Qd7 16. Qe2 a5 {0-1 (56) Guseinov,G (2646)-Petrosian,T (2625) Minsk 2015}) 8... Nfd7 {[%cal Rd6e5]} 9. e6 fxe6 10. Ng5 {The position is equal.} Nf6 11. Bf3 d5 $1 12. Re1 Qd6 13. Qe2 (13. g3 $11 {keeps the balance.}) 13... Nc6 $17 {[%cal Bb8c6,Bc6d4,Bd4c2][%mdl 32]} 14. Nxe6 Qxe6 15. Qxe6+ Bxe6 16. Rxe6 Nxd4 17. Rxf6 $146 ({Predecessor:} 17. Rxe7) 17... Bxf6 18. Bxd5+ Kg7 19. Bxa8 {[#] And now Be4 would win.} Nxc2 20. Rb1 Rxa8 21. Bf4 c6 22. Rc1 Nb4 {[#] Strongly threatening ...Nd3.} 23. Rd1 (23. Be3 $142) 23... b5 24. Rd7 Bxc3 25. bxc3 Nd5 26. Bg5 (26. Bd2 $142) 26... Kf7 $19 ({Don't do} 26... Nxc3 27. a5 $17) ({Don't take} 26... bxa4 27. Bxe7 Nxe7 28. Rxe7+ Kf6 29. Re4) 27. h4 $2 (27. Rb7 {is tougher.}) 27... Ke8 {Black is clearly winning.} 28. Rb7 Kd8 29. c4 Kc8 {Precision: White = 22%, Black = 100%.} 0-1

[Event "MTS Logistics 2017"]
[Site "Urla"]
[Date "2017.07.11"]
[Round "7.2"]
[White "Dedebas, Emre Emin"]
[Black "Drasko, Milan"]
[Result "0-1"]
[WhiteElo "2322"]
[BlackElo "2451"]
[Annotator "TA"]
[PlyCount "74"]
[EventDate "2017.??.??"]
[EventType "schev"]
[EventCountry "TUR"]
[SourceTitle "playchess.com"]
[Source "ChessBase"]
[SourceQuality "1"]

{[%evp 20,74,42,46,64,31,26,-13,0,-16,-16,-37,-34,-47,-47,-43,-43,-48,-36,-32,-48,-85,-87,-88,-87,-85,-79,-87,-87,-87,-87,-77,-68,-67,-39,-83,-87,-127,-118,-105,-104,-146,-155,-151,-140,-135,-111,-273,-256,-282,-274,-354,-341,-349,-336,-342,-336]} 1. d4 e6 2. c4 Nf6 3. g3 Bb4+ 4. Bd2 Qe7 5. Bg2 Nc6 6. e3 e5 7. d5 {E00: Catalan Bogo-Indian (3 g3 Bb4+)} Bxd2+ 8. Qxd2 Nb8 9. d6 Qxd6 10. Qxd6 cxd6 11. Nc3 {LiveBook: 10 Games} Ke7 12. Rd1 $146 {[%mdl 1024] White has compensation.} ({Predecessor:} 12. Nge2 d5 13. Nxd5+ Nxd5 14. Bxd5 d6 {1-0 (37) Kozul,Z (2631)-Jovanovic,Z (2533) Valpovo 2017}) 12... Na6 13. Nge2 Nc7 14. O-O Rb8 15. Rd2 b5 16. cxb5 Nxb5 17. Nxb5 Rxb5 18. Nc3 Rb4 19. a3 Rb3 20. Nd5+ Nxd5 21. Bxd5 Rb6 22. f4 Ba6 23. Rc1 Rc8 24. Rxc8 Bxc8 $17 {[%mdl 4096] Endgame KRB-KRB} 25. b4 g6 26. Kf2 Bb7 27. Kf3 Bc6 28. e4 Ra6 29. Rd3 f5 {[#] White must now prevent ...Bxd5.} 30. Ke3 Bxd5 31. exd5 {KR-KR} Rb6 32. Rc3 Rb5 33. fxe5 $2 {[#]} (33. Rc8 $17) 33... dxe5 $19 {[%cal Bd6e5,Be5f4][%mdl 32]} ({Less strong is} 33... Rxd5 34. exd6+ Kxd6 35. Kf4 $17) 34. Rc5 a6 35. Kd3 Kd6 36. Kc4 f4 37. gxf4 exf4 {Precision: White = 35%, Black = 64%.} 0-1